Moons of The Earth, Mars and the Dwarf Planets - Statistics

General Stats
  • This quiz has been taken 38 times
  • The average score is 8 of 12
Answer Stats
Hint Answer % Correct
Earth The Moon
100%
Mars Phobos
92%
Pluto Charon
88%
Mars Deimos
88%
Pluto Styx
68%
Pluto Hydra
64%
Pluto Nix
64%
Pluto Kerberos
60%
Haumea Namaka
56%
Eris Dysnomia
52%
Makemake MK2
48%
Haumea Hia'aka
8%
No matching quizzes found
Score Distribution
Percent of People with Each Score
Percentile by Number Answered
Your Score History
You have not taken this quiz